000
00306nam a22001457a 4500
008
210427b ||||| |||| 00| 0 eng d
020
_a
9781565104150
041
_a
eng
080
_a
91
082
_a
91
100
_a
42
101
_a
GJEO
245
_a
21st Century Earth
_c
Bender,D
942
_2
udc
_c
BK
999
_c
56813
_d
56813